Qualitative research in evidence-based rehabilitation / (رقم التسجيلة. 79449)

تفاصيل مارك
000 -الفاتح
حقل البيانات ثابتة الطول 01545cam a22004214a 4500
001 - رقم الضبط
رقم الضبط 14430917
003 - محدد رقم الضبط
رقم الضبط OSt
005 - وقت وتاريخ اخر تعامل مع التسجيلة
رقم الضبط 20210305184142.0
008 - عناصر البيانات ثابتة الطول - معلومات عامة
حقل البيانات ثابتة الطول 060628s2004 stka b 001 0 eng c
010 ## - رقم ضبط مكتبة الكونجرس
رقم ضبط مكتبة الكونجرس 2006296726
015 ## - رقم الببليوجرافية الوطنية
رقم الببليوجرافية الوطنية GBA3-U6088
016 7# - رقم ضبط الوكاله الوطنية للضبط الببليوجرافي
رقم ضبط التسجيلة 101200700
المصدر DNLM
020 ## - الرقم الدولى المعيارى للكتب
الرقم الدولى المعيارى للكتاب 0443072310
035 ## - رقم ضبط النظام
رقم ضبط النظام (OCoLC)ocm54074260
040 ## - مصدر الفهرسة
وكالة الفهرسة الأصلية YUS
وكالة النسخ YUS
وكالة التعديل NLM
-- UKM
-- ORE
-- BAKER
-- MUQ
-- DLC
042 ## - رمز التحقق
رمز التحقق pcc
050 00 - رقم طلب مكتبة الكونجرس
رقم التصنيف RM708
رقم المادة .Q355 2004
060 00 - رقم الطلب بالمكتبة الطبية الوطنية
رقم التصنيف 2003 O-790
060 10 - رقم الطلب بالمكتبة الطبية الوطنية
رقم التصنيف WB 460
رقم المادة Q1 2004
082 00 - رقم تصنيف ديوى العشرى
رقم التصنيف 615.82072
رقم الطبعة 22
رقم المادة QUR
245 00 - بيان العنوان
العنوان Qualitative research in evidence-based rehabilitation /
بيان المسئوليه,etc edited by Karen Whalley Hammell, Christine Carpenter ; foreword by Susan R. Harris.
260 ## - PUBLICATION, DISTRIBUTION, ETC. (IMPRINT)
مكان الناشر او الموزع Edinburgh ;
-- New York :
اسم الناشر او الموزع Churchill Livingstone,
تاريخ النشر أو التوزيع 2004.
300 ## - الوصف المادى
التعداد xii, 148 p. :
تفاصيل ماديه اخرى للوعاء ill. ;
أبعاد الوعاء 25 cm.
504 ## - تبصرة ببليوجرافية
تبصرة ببليوجرافية,الخ Includes bibliographical references and index.
650 #0 - المدخل الاضافى بالموضوع-مصطلح موضوعى
مصطلح موضوعي أو اسم جغرافي كعنصر مدخل Physical therapy
التقسيم الفرعي العام Research.
9 (RLIN) 88487
650 #0 - المدخل الاضافى بالموضوع-مصطلح موضوعى
مصطلح موضوعي أو اسم جغرافي كعنصر مدخل Qualitative research.
9 (RLIN) 45104
650 #6 - المدخل الاضافى بالموضوع-مصطلح موضوعى
مصطلح موضوعي أو اسم جغرافي كعنصر مدخل Physiothérapie
التقسيم الفرعي العام Recherche.
9 (RLIN) 88488
650 #6 - المدخل الاضافى بالموضوع-مصطلح موضوعى
مصطلح موضوعي أو اسم جغرافي كعنصر مدخل Recherche qualitative.
9 (RLIN) 88489
650 12 - المدخل الاضافى بالموضوع-مصطلح موضوعى
مصطلح موضوعي أو اسم جغرافي كعنصر مدخل Physical Therapy Modalities.
9 (RLIN) 88490
650 22 - المدخل الاضافى بالموضوع-مصطلح موضوعى
مصطلح موضوعي أو اسم جغرافي كعنصر مدخل Evidence-Based Medicine.
9 (RLIN) 88491
650 22 - المدخل الاضافى بالموضوع-مصطلح موضوعى
مصطلح موضوعي أو اسم جغرافي كعنصر مدخل Occupational Therapy.
9 (RLIN) 21387
650 22 - المدخل الاضافى بالموضوع-مصطلح موضوعى
مصطلح موضوعي أو اسم جغرافي كعنصر مدخل Qualitative Research.
9 (RLIN) 45104
700 1# - المدخل الاضافى - اسم شخصى
الإسم الشخصى Hammell, Karen Whalley.
9 (RLIN) 88492
700 1# - المدخل الاضافى - اسم شخصى
الإسم الشخصى Carpenter, Christine,
العنوان والكلمات الأخرى المصاحبة للاسم DipPT.
9 (RLIN) 88493
906 ## - عنصر بيانات محلى F, LDF (RLIN)
a 7
b cbc
c pccadap
d 2
e ncip
f 20
g y-gencatlg
942 ## - عناصر المدخل الإضافي( كوها)
مصدر التصنيف او مخطط الترفيف Dewey Decimal Classification
Koha [default] item type كتاب
المقتنيات
حالة الفقد نموذج السعر الفعال حالة تلف ليس للاعارة رقم الطلب تاريخ الاكتساب الموقع الحالي الباركود الفرع الرئيسي Date last seen نوع المادة فى نظام كوها مصدر التصنيف او خطة الترفيف Total Checkouts
  2021-03-05     615.82072 QUR 2021-03-05 المكتبة المركزية بالمجمعة (CL) 00167454 المكتبة المركزية بالمجمعة (CL) 2021-03-05 كتاب Dewey Decimal Classification  
  2021-03-05     615.82072 QUR 2021-03-05 المكتبة المركزية بالمجمعة (CL) 00167455 المكتبة المركزية بالمجمعة (CL) 2021-03-05 كتاب Dewey Decimal Classification  
  2021-03-05     615.82072 QUR 2021-03-05 المكتبة المركزية بالمجمعة (CL) 00167456 المكتبة المركزية بالمجمعة (CL) 2021-03-05 كتاب Dewey Decimal Classification  
  2021-03-05     615.82072 QUR 2021-03-05 قسم الاجراءات الفنية (IC) 00167549 قسم الاجراءات الفنية (IC) 2021-03-05 كتاب Dewey Decimal Classification  
  2021-03-05     615.82072 QUR 2021-03-05 قسم الاجراءات الفنية (IC) 00167550 قسم الاجراءات الفنية (IC) 2021-03-05 كتاب Dewey Decimal Classification  
  2021-03-05     615.82072 QUR 2021-03-05 مكتبة مجمع الكليات بالزلفى - طلاب (SZM) 00167547 مكتبة مجمع الكليات بالزلفى - طلاب (SZM) 2021-03-05 كتاب Dewey Decimal Classification  
  2021-03-05     615.82072 QUR 2021-03-05 مكتبة مجمع الكليات بالزلفى - طلاب (SZM) 00167548 مكتبة مجمع الكليات بالزلفى - طلاب (SZM) 2021-03-05 كتاب Dewey Decimal Classification